| 000 | 00761nam 22001813 4500 | ||
|---|---|---|---|
| 001 | 201865 | ||
| 090 | _a201865 | ||
| 100 | _a20250918d u||y0pory50 ba | ||
| 101 | _apor | ||
| 102 | _aPT | ||
| 200 |
_aUma abelha na chuva _fJoão Camilo _ealguns aspectos da temática narrativa |
||
| 300 | _aSeparata da Fundação Calouste Gulbenkian - Arquivos do centro Cultural Português, Volume X, Paris, 1976 Contém dedicatória na folha de guarda Nota do Prof. Dr. Almeida Faria no título | ||
| 461 |
_tSeparata Arquivos do centro Cultural Português, Volume X, Paris, 1976 _hVol. X, p. 643-664 , [2] p. |
||
| 606 |
_93661 _aCrítica Literária.Estudos Literários |
||
| 700 |
_93868 _aCamilo _bJoão _f1943- |
||
| 801 |
_aPT _bBMMN _gRPC |
||
| 990 | _cARTIGOS | ||